| 000 | 01168nam a22002177a 4500 | ||
|---|---|---|---|
| 999 |
_c62018 _d62018 |
||
| 003 | Ge_BSU | ||
| 005 | 20240624114917.0 | ||
| 008 | 240624s1980 ge ||||| |||| 00| 0 geo d | ||
| 041 | _ageo | ||
| 080 | _a614.78(075.8) შ-48 | ||
| 100 |
_aშენგელია, ი. _922545 |
||
| 245 |
_aკომუნალური ჰიგიენა : სახელმძღვ. სამედ. ინ-ტის სანიტარია-ჰიგიენის ფაკ-ის სტუდენტებისათვის / _c ი. შენგელია, ო. შალამბერიძე; რედ. ო. გოგოლაშვილი. |
||
| 250 | _aმე-2 შევსებ. და გადამუშ. გამოც. | ||
| 264 |
_aთბ. : _bგანათლება, _c1980. |
||
| 300 |
_a470 გვ. : _b ილ. ; _c22 სმ. |
||
| 653 | _aკომუნალური ჰიგიენა | ||
| 653 | _aმედიცინა | ||
| 700 |
_aშალამბერიძე, ო. _eავტორი _91328 |
||
| 700 |
_aგოგოლაშვილი, ო. _eრედაქტორი _922546 |
||
| 942 |
_2udc _cBK |
||